Statistics for Random Capital Cities

Click here to take the quiz!

General Stats

  • This quiz has been taken 841 times
    (353 since last reset)
  • The average score is 10 of 11

Answer Stats

CountryCapital% Correct
GermanyBerlin
98%
ItalyRome
97%
JapanTokyo
97%
RussiaMoscow
96%
ChinaBeijing
94%
CanadaOttawa
92%
PolandWarsaw
91%
PeruLima
89%
New ZealandWellington
87%
UkraineKiev
86%
ChileSantiago
85%

Score Distribution

Percentile by Number Answered

Percent of People with Each Score

Your Score History

You have not taken this quiz since the last reset